00230nam a22001097a 4500003000400000082000800004100002800012245003100040250000800071260003300079300000800112SGT bCON aCONNIE AMEDEN, CRAWFORD aTHE ART OF FASHION DROPING a4TH bBLOOMSBURG PUB. LONDONc2014 a494